|
|
|
|
| LEADER |
01264nam a22003017a 4500 |
| 001 |
40179 |
| 003 |
BD-DhAAL |
| 008 |
221213t2009 ii af 000 0aben d |
| 999 |
|
|
|c 45174
|d 45174
|
| 020 |
|
|
|a 8129506645
|
| 035 |
|
|
|a (OCoLC)18599398
|
| 040 |
|
|
|a DLC
|c NN
|d OCoLC
|d DLC
|d BD-DhAAL
|
| 041 |
|
|
|a ben
|
| 042 |
|
|
|a premarc
|
| 050 |
0 |
0 |
|a HV28.S22
|b A34
|
| 082 |
|
|
|a 303.484092
|2 23
|
| 100 |
1 |
|
|a চৌধুরানী, সরলাদেবী,
|d ১৮৭২-১৯৪৫.
|9 52857
|
| 245 |
1 |
0 |
|a জীবনের ঝরাপাতা /
|c সরলাদেবী চৌধুরানী.
|
| 246 |
|
|
|a Jibaner jharapata
|
| 260 |
|
|
|a কলকাতা :
|b দে'জ পাবলিশিং,
|c ২০০৯.
|
| 300 |
|
|
|a ২৪০ পৃষ্ঠা ;
|b ২২ সে.মি.
|
| 500 |
|
|
|a In Bengali.
|
| 541 |
|
|
|a Donated By Akbar Ali Khan
|e 40179
|
| 600 |
1 |
0 |
|a Chaudhurani, Sarala Devi,
|d 1872-1945.
|9 52858
|
| 650 |
|
0 |
|a Social reformers
|z India
|z Bengal
|v Biography.
|9 52859
|
| 852 |
|
|
|a Ayesha Abed Library
|c Akbar Ali Khan Collection
|
| 942 |
|
|
|2 ddc
|c BK
|
| 952 |
|
|
|0 0
|1 0
|2 ddc
|4 0
|6 303_484092000000000_CHO
|7 1
|9 72484
|a BRACUL
|b BRACUL
|c AAKC
|d 2022-12-13
|e Donated by Akbar Ali Khan
|g 175.00
|l 0
|o 303.484092 CHO
|p 3010040179
|r 2022-12-13
|t 1
|w 2022-12-13
|y BK
|x Rs. 140.00
|